Nhân vật nữ trong truyện cổ tích sinh hoạt
Nghiên cứu nhân vật nữ trong truyện cổ tích sinh hoạt để hiểu biết thêm về vị trí vai trò của phụ nữ trong gia đình xã hội
Spremljeno u:
| Glavni autor: | |
|---|---|
| Daljnji autori: | |
| Format: | Knjiga |
| Jezik: | Vietnamese |
| Izdano: |
Đà Nẵng
Trường Đại học Sư phạm
6/2011
|
| Serija: | Khóa luận tốt nghiệp ĐH. Chuyên ngành: Cử nhân Văn học
|
| Teme: | |
| Oznake: |
Dodaj oznaku
Bez oznaka, Budi prvi tko označuje ovaj zapis!
|
| Thư viện lưu trữ: | Mạng thư viện Đại học Đà Nẵng |
|---|
| LEADER | 01451nam a2200349 4500 | ||
|---|---|---|---|
| 001 | 000011104 | ||
| 003 | 7334 | ||
| 005 | 20120202080245.0 | ||
| 008 | 120202s6/20 viesd | ||
| 041 | |a vie | ||
| 072 | |a Khóa luận tốt nghiệp | ||
| 082 | |a 398.2 |b TH-H | ||
| 100 | |a Thân,Thị Hòa | ||
| 245 | |a Nhân vật nữ trong truyện cổ tích sinh hoạt |c Thân,Thị Hòa; Người hướng dẫn Lê Đức Luận | ||
| 260 | |a Đà Nẵng |b Trường Đại học Sư phạm |c 6/2011 | ||
| 300 | |a 66 tr. |c 29 cm. | ||
| 490 | |a Khóa luận tốt nghiệp ĐH. Chuyên ngành: Cử nhân Văn học | ||
| 500 | |a Tham khảo tr.65-tr.66 | ||
| 520 | |a Nghiên cứu nhân vật nữ trong truyện cổ tích sinh hoạt để hiểu biết thêm về vị trí vai trò của phụ nữ trong gia đình xã hội | ||
| 653 | |a Khóa luận tốt nghiệp Đại học | ||
| 653 | |a Khoa Ngữ Văn | ||
| 700 | |a Lê.Đức Luận |c TS |e Hướng dẫn | ||
| OWN | |a LSP | ||
| AVA | |a UDN50 |b LSP |d 398.2 TH-H |e available |t Error 5001 Not defined in file expand_doc_bib_avail. |f 1 |g 0 |h N |i 0 |k 1 | ||
| 999 | |a From the UDN01 | ||
| AVA | |a UDN50 |b LSP |d 398.2 TH-H |e available |t Error 5001 Not defined in file expand_doc_bib_avail. |f 1 |g 0 |h N |i 0 |k 1 | ||
| TYP | |a Monograph | ||
| TYP | |a Printed language | ||
| 980 | |a Mạng thư viện Đại học Đà Nẵng | ||